000 00423nam a2200145Ia 4500
008 230917s9999||||xx |||||||||||||| ||und||
040 _e60937
_aMAIN
041 _aEnglish
082 _a823.7 D555S:N
100 _aSucksmith, Harvey Peter
245 4 _aThe narrative art of Charles Dickens : the rhetoric of sympathy and irony in his novels
260 _aOxford
_bClarendon
_c1970
300 _axiv, 374 p.
942 _cBK
999 _c186673
_d186673